000 00321nam a2200133Ia 4500
008 240624s9999 xx 000 0 und d
041 _aeng
082 _a158 BRA
100 _aBRANSON RICHARD
245 _aSCREW IT LET S DO IT
260 _c2007
_aNew Delhi
_bRandom House India
300 _a240 : p.
365 _cRS
_b30
999 _c25380
_d25380